00637nam a2200169 a 450000100100000000500170001000800410002704000250006808200150009310000350010824501050014326000360024830000310028450000340031550400730034970000450042200002010420240305073653.0100721s1995 dr c 000 0 spa d aDO-SdBNPbspacBNPHU axxxxbR6961 aRodríguez Demorizi, Silveria10aEn la revolución constitucionalista /cSilveria Rodríguez Demorizi, Emilio Rodríguez Demorizi. aSanto Domingo :bTaller,c1995. a256 p. :bretrs. ;c23 cm. aIncluye índice onomástico aIncluye referencias bibliográficas y notas al pie de las páginas1 aRodríguez Demorizi, Emilio,d1908-1986